| 000 -ლიდერი |
| ფიქსირებული სიგრძის საკონტროლო ველი |
01212nam a22002297a 4500 |
| 003 - საკონტროლო ნომრის იდენტიფიკატორი |
| საკონტროლო ველი |
Ge_BSU |
| 005 - ბოლო ოპერაციის თარიღი და დრო |
| საკონტროლო ველი |
20210518155931.0 |
| 008 - ფიქსირებული სიგრძის მონაცემთა ელემენტები - ზოგადი ინფორმაცია |
| ფიქსირებული სიგრძის საკონტროლო ველი |
210518s2006 ge ||||| |||| 00| 0 geo d |
| 041 ## - ენის კოდი |
| Language code of text/sound track or separate title |
geo |
| 080 ## - უნივერსალური ათობითი კლასიფიკაციის ინდექსი |
| Universal Decimal Classification number |
621.38 + 539.2](076.5) მ-69 |
| 100 ## - მთავარი ჩანაწერი - პიროვნების სახელი |
| Personal name |
მინაშვილი, თ. |
| 9 (RLIN) |
11830 |
| 245 ## - ცნობა სათაურის შესახებ |
| Title |
მყარსხეულოვანი ელექტრონიკის ფიზიკური საფუძვლები : |
| Remainder of title |
ლაბორატორიული სამუშაოები / |
| Statement of responsibility, etc |
თ. მინაშვილი, რ. ჩიქოვანი, ი. ტრაპაიძე ; [რედ. ე. გიორგაძე]. |
| 264 ## - წარმოების, გამოცემის, დისტრიბუციის და სხვა ცნობები |
| გამოცემის, წარმოების, დისტრიბუციის... ადგილი |
თბ. : |
| გამოცემის, წარმოების, დისტრიბუციის... სახელწოდება |
ტექნ. უნ-ტი, |
| გამოცემის, წარმოების, დისტრიბუციის... თარიღი |
2006. |
| 300 ## - ფიზიკური აღწერა |
| Extent |
88 გვ. : |
| Other physical details |
ნახ. ; |
| Dimensions |
20 სმ. |
| 504 ## - BIBLIOGRAPHY, ETC. NOTE |
| Bibliography, etc |
ბიბლიოგრ.: გვ. 86. |
| 653 ## - INDEX TERM--UNCONTROLLED |
| Uncontrolled term |
მყარი სხეულების ფიზიკა |
| 653 ## - INDEX TERM--UNCONTROLLED |
| Uncontrolled term |
ელექტრონიკა. |
| 700 ## - ADDED ENTRY--PERSONAL NAME |
| Personal name |
ჩიქოვანი, რ., |
| Relator term |
ავტორი |
| 9 (RLIN) |
11831 |
| 700 ## - ADDED ENTRY--PERSONAL NAME |
| Personal name |
ტრაპაიძე, ი. |
| Relator term |
ავტორი |
| 9 (RLIN) |
11832 |
| 700 ## - ADDED ENTRY--PERSONAL NAME |
| Personal name |
გიორგაძე, ე. |
| Relator term |
რედაქტორი. |
| 9 (RLIN) |
398 |
| 942 ## - ADDED ENTRY ELEMENTS (KOHA) |
| Source of classification or shelving scheme |
|
| Koha item type |
წიგნი |